<?xml version="1.0" encoding="UTF-8"?>
<collection xmlns="http://www.loc.gov/MARC21/slim">
 <record>
  <leader>01568nam a2200205Ia 4500</leader>
  <controlfield tag="001">CTU_230985</controlfield>
  <controlfield tag="008">210402s9999    xx            000 0 und d</controlfield>
  <datafield tag="020" ind1=" " ind2=" ">
   <subfield code="c">90000</subfield>
  </datafield>
  <datafield tag="082" ind1=" " ind2=" ">
   <subfield code="a">158.1</subfield>
  </datafield>
  <datafield tag="082" ind1=" " ind2=" ">
   <subfield code="b">H455</subfield>
  </datafield>
  <datafield tag="100" ind1=" " ind2=" ">
   <subfield code="a">Lưu, Chấn Hồng</subfield>
  </datafield>
  <datafield tag="245" ind1=" " ind2="0">
   <subfield code="a">Hài hước một chút thế giới sẽ khác đi</subfield>
  </datafield>
  <datafield tag="245" ind1=" " ind2="0">
   <subfield code="c">Lưu Chấn Hồng ; Tuệ Văn (dịch)</subfield>
  </datafield>
  <datafield tag="260" ind1=" " ind2=" ">
   <subfield code="a">Hà Nội</subfield>
  </datafield>
  <datafield tag="260" ind1=" " ind2=" ">
   <subfield code="b">Thanh niên</subfield>
  </datafield>
  <datafield tag="260" ind1=" " ind2=" ">
   <subfield code="c">2018</subfield>
  </datafield>
  <datafield tag="520" ind1=" " ind2=" ">
   <subfield code="a">Hài hước một chút, thế giới sẽ khác đi – cuốn sách với nội dung phong phú mà sâu sắc này sẽ giúp các bạn có được cái nhìn rõ nét hơn về tầm quan trọng của tính hài hước dưới các góc độ, phương diện đánh giá khác nhau, cũng như có them những kĩ năng vận dụng sự hài hước vào trong cuộc sống. Hi vọng sau khi đọc xong cuốn sách này, bạn có thể biến mình thành một người biết nói chuyện, khéo léo vận dụng những ngôn từ hài hước, “gãi đúng chỗ ngứa” của đối phương để mở ra con đường dẫn tới thành công, được mọi người yêu mến.</subfield>
  </datafield>
  <datafield tag="650" ind1=" " ind2=" ">
   <subfield code="a">Sự điều chỉnh (Tâm lý học,Khả năng thích ứng (Tâm lý học),Adjustment (Psychology),Adaptability (Psychology)</subfield>
  </datafield>
  <datafield tag="910" ind1=" " ind2=" ">
   <subfield code="b">vtbtruc</subfield>
  </datafield>
  <datafield tag="980" ind1=" " ind2=" ">
   <subfield code="a">Trung tâm Học liệu Trường Đại học Cần Thơ</subfield>
  </datafield>
 </record>
</collection>
